La participación de los diversos niveles de gobierno en los ingresos públicos (Record no. 53239)
[ view plain ]
| 000 -CABECERA | |
|---|---|
| campo de control de longitud fija | 00781nab#a2200229#c#4500 |
| 003 - IDENTIFICADOR DEL NÚMERO DE CONTROL | |
| campo de control | IEF |
| 005 - FECHA Y HORA DE LA ÚLTIMA TRANSACCIÓN | |
| campo de control | 20191205182759.0 |
| 008 - CÓDIGOS DE INFORMACIÓN DE LONGITUD FIJA | |
| campo de control de longitud fija | 950704s1975 uuu|| #####0 b| |u |
| 040 ## - FUENTE DE LA CATALOGACIÓN | |
| Centro catalogador de origen | IEF |
| Centro transcriptor | ES-MaIEF |
| 100 1# - PUNTO DE ACCESO PRINCIPAL - NOMBRE DE PERSONA | |
| Nombre de persona | Musgrave, Richard Abel |
| 9 (RLIN) | 30848 |
| 245 ## - MENCIÓN DE TÍTULO | |
| Título | La participación de los diversos niveles de gobierno en los ingresos públicos |
| Resto del título | un punto de vista crítico |
| Mención de responsabilidad etc. | Richard A. Musgrave y A. Mitchell Polinsky |
| 260 ## - PUBLICACIÓN, DISTRIBUCIÓN, ETC. (PIE DE IMPRENTA) | |
| Fecha de publicación distribución etc. | 1975 |
| 500 ## - NOTA GENERAL | |
| Nota general | Conclusiones |
| 650 #4 - PUNTO DE ACCESO ADICIONAL DE MATERIA--TÉRMINO DE MATERIA | |
| Término de materia o nombre geográfico como elemento inicial | INGRESOS PUBLICOS |
| 9 (RLIN) | 44455 |
| 650 #4 - PUNTO DE ACCESO ADICIONAL DE MATERIA--TÉRMINO DE MATERIA | |
| Término de materia o nombre geográfico como elemento inicial | PARTICIPACION EN LOS INGRESOS DEL ESTADO |
| 9 (RLIN) | 47968 |
| 650 #4 - PUNTO DE ACCESO ADICIONAL DE MATERIA--TÉRMINO DE MATERIA | |
| Término de materia o nombre geográfico como elemento inicial | ADMINISTRACION PUBLICA |
| 9 (RLIN) | 7296 |
| 650 #4 - PUNTO DE ACCESO ADICIONAL DE MATERIA--TÉRMINO DE MATERIA | |
| Término de materia o nombre geográfico como elemento inicial | SUBVENCIONES PUBLICAS |
| 9 (RLIN) | 48501 |
| 773 0# - ENLACE AL DOCUMENTO FUENTE | |
| Título | Hacienda pública española |
| Número de control del registro relacionado | 34570 |
| Parte(s) relacionada(s) | n. 35, 1975;pags. 424-449 |
| 942 ## - ELEMENTOS DE PUNTO DE ACCESO ADICIONAL (KOHA) | |
| Fuente del sistema de clasificación o colocación | |
| 942 ## - ELEMENTOS DE PUNTO DE ACCESO ADICIONAL (KOHA) | |
| Fuente del sistema de clasificación o colocación | |
| Estado de retiro | Estado de pérdida | Estado dañado | No para préstamo | Localización permanente | Fecha de adquisición | Signatura topográfica completa | Código de barras | Fecha visto por última vez | Precio válido a partir de | Tipo de ítem Koha |
|---|---|---|---|---|---|---|---|---|---|---|
| Disponible para préstamo | IEF | 1995-07-04 | HPE/1975/35-17 | HPE/1975/35-17 | 2018-02-19 | 2018-02-19 | Artículos |